[Event "Baku Open 2014"]
[Site "Baku AZE"]
[Date "2014.09.22"]
[Round "1.34"]
[White "Aghayev, Nijat"]
[Black "Naghdiyev, Niyazi"]
[Result "1/2-1/2"]
[WhiteTitle "IM"]
[WhiteElo "2401"]
[BlackElo "2024"]
[WhiteFideId "13402048"]
[BlackFideId "13405519"]
[EventDate "2014.09.22"]

1. Nf3 Nf6 2. c4 b6 3. g3 Bb7 4. Bg2 e6 5. O-O Be7 6. b3 O-O 7. Bb2 c5 8. Nc3 d5
9. e3 Nc6 10. cxd5 Nxd5 11. Nxd5 Qxd5 12. d4 Qd7 13. dxc5 Qxd1 14. Rfxd1 Bxc5
15. Ne5 Na5 16. Rd7 Bxg2 17. Kxg2 f6 18. Nd3 Rfd8 19. Nxc5 bxc5 20. Rad1 Rxd7
21. Rxd7 c4 22. Bc3 cxb3 23. Bxa5 bxa2 24. Rd1 Rb8 25. Bc3 Rb3 26. Ba1 Rb1 27.
Rf1 a5 28. f4 a4 29. Kf2 a3 30. Re1 Kf7 31. h3 Ke7 32. g4 Kd6 33. e4 e5 34.
fxe5+ fxe5 35. h4 Ke6 36. g5 Kd6 37. h5 Ke6 38. Ke2 Rb2+ 39. Kd3 Rb1 40. Kd2
Rb2+ 41. Ke3 Rb1 42. Ke2 Rb2+ 43. Ke3 Rb1 44. Kf2 Kd6 45. Bc3 Rb2+ 46. Kg1 Rb3
47. Ba1 Rb2 48. Rc1 Kd7 49. Kf1 Kd6 50. Kg1 Kd7 1/2-1/2

[Event "Baku Open 2014"]
[Site "Baku AZE"]
[Date "2014.09.22"]
[Round "1.35"]
[White "Hojjatova, Aydan"]
[Black "Iskandarov, Misratdin"]
[Result "0-1"]
[WhiteTitle "WCM"]
[BlackTitle "IM"]
[WhiteElo "2014"]
[BlackElo "2398"]
[WhiteFideId "13401491"]
[BlackFideId "13400312"]
[EventDate "2014.09.22"]

1. e4 c5 2. b3 Nc6 3. Bb2 e5 4. Bc4 d6 5. Nf3 Be7 6. O-O Nf6 7. Re1 O-O 8. d3 a6
9. a4 Rb8 10. c3 Bg4 11. h3 Bh5 12. Nbd2 d5 13. exd5 Nxd5 14. g4 Bg6 15. Nxe5
Nxe5 16. Rxe5 Nf4 17. Qf3 Bd6 18. Qxf4 b5 19. axb5 axb5 20. Bxb5 Rxb5 21. Qc4
Bxd3 22. Qxd3 Bxe5 23. Qxb5 Qxd2 24. Rb1 Qc2 25. Re1 Bh2+ 26. Kg2 Qxb2 27. Re2
Qxc3 28. Kxh2 Qf3 29. Qc4 g6 30. Rc2 Rd8 31. Qe2 Qd5 32. Qe3 Qd6+ 33. Kg2 Qc6+
34. f3 Rd5 35. Qe4 Qd6 36. Re2 h5 37. Qe7 Qb6 38. Qe3 h4 39. Qh6 Qd8 40. Qf4 g5
41. Qc1 Qb8 42. Qe1 Qxb3 43. Re8+ Kg7 44. Qa1+ Rd4 45. Re5 Qc2+ 46. Kg1 Rd1+ 47.
Re1+ Rxa1 0-1

[Event "Baku Open 2014"]
[Site "Baku AZE"]
[Date "2014.09.23"]
[Round "2.11"]
[White "Baryshpolets, Andrey"]
[Black "Babayev, Talib"]
[Result "1-0"]
[WhiteTitle "GM"]
[BlackTitle "IM"]
[WhiteElo "2540"]
[BlackElo "2342"]
[WhiteFideId "14117207"]
[BlackFideId "13401432"]
[EventDate "2014.09.22"]

1. d4 Nf6 2. c4 g6 3. Nc3 Bg7 4. e4 d6 5. Nf3 O-O 6. Be2 e5 7. O-O Nc6 8. d5 Ne7
9. b4 Nh5 10. g3 f5 11. Ng5 Nf6 12. Bf3 c6 13. Bg2 Kh8 14. b5 h6 15. Ne6 Bxe6
16. dxe6 Qc7 17. Ba3 Rad8 18. bxc6 bxc6 19. Qa4 Nxe4 20. Nxe4 fxe4 21. Bxe4 Rf6
22. Rab1 Rxe6 23. Qa6 Ra8 24. Rfd1 Bf8 25. Rb7 Qd8 26. Bxc6 d5 27. Bxe7 Bxe7 28.
cxd5 Rf6 29. Qe2 Rc8 30. Qxe5 Bc5 31. Rf7 Rxc6 32. dxc6 Qxd1+ 33. Kg2 Qf3+ 34.
Kh3 Be7 35. Qb8+ 1-0

[Event "Baku Open 2014"]
[Site "Baku AZE"]
[Date "2014.09.23"]
[Round "2.12"]
[White "Zeynalov, Farid"]
[Black "Rasulov, Vugar"]
[Result "1/2-1/2"]
[WhiteTitle "FM"]
[BlackTitle "GM"]
[WhiteElo "2277"]
[BlackElo "2514"]
[WhiteFideId "13402250"]
[BlackFideId "13402390"]
[EventDate "2014.09.22"]

1. d4 Nf6 2. Bg5 Ne4 3. Bf4 d5 4. e3 g6 5. Bd3 Bg7 6. Bxe4 dxe4 7. Nd2 f5 8. f3
c5 9. c3 cxd4 10. exd4 O-O 11. Ne2 Nc6 12. Qb3+ Kh8 13. Rd1 e5 14. dxe5 Qe7 15.
fxe4 g5 16. Bg3 f4 17. Bf2 Nxe5 18. Nf3 Nxf3+ 19. gxf3 g4 20. Qb4 Qxb4 21. cxb4
gxf3 22. Nc3 Bh3 23. Bd4 Bxd4 24. Rxd4 Rfd8 25. Rd5 Rg8 26. Kf2 Rg2+ 27. Kxf3
Rxb2 28. Rhd1 Rg8 29. R1d2 Rxb4 1/2-1/2

[Event "Baku Open 2014"]
[Site "Baku AZE"]
[Date "2014.09.23"]
[Round "2.13"]
[White "Abdulla, Khayala"]
[Black "Romanishin, Oleg M"]
[Result "0-1"]
[WhiteTitle "WIM"]
[BlackTitle "GM"]
[WhiteElo "2269"]
[BlackElo "2502"]
[WhiteFideId "13401807"]
[BlackFideId "14100088"]
[EventDate "2014.09.22"]

1. e4 e5 2. Nf3 Nc6 3. d4 exd4 4. Bc4 Nf6 5. O-O Be7 6. Nxd4 O-O 7. Nf5 d6 8.
Nxe7+ Qxe7 9. Re1 Qe5 10. h3 Be6 11. Bf1 Nxe4 12. Bd3 d5 13. c4 Rad8 14. Qe2 Nc5
15. Qf1 Qf6 16. Nc3 Ne5 17. Bc2 d4 18. Qe2 dxc3 19. Qxe5 Qxe5 20. Rxe5 Nd3 21.
Bxd3 Rxd3 22. b3 Rd1+ 23. Kh2 Rfd8 24. f4 g6 25. g4 R8d3 26. Re2 Bd7 27. a4 Bc6 0-1

[Event "Baku Open 2014"]
[Site "Baku AZE"]
[Date "2014.09.23"]
[Round "2.15"]
[White "Aharon, Ofir"]
[Black "Kuzubov, Yuriy"]
[Result "1/2-1/2"]
[WhiteTitle "FM"]
[BlackTitle "GM"]
[WhiteElo "2341"]
[BlackElo "2663"]
[WhiteFideId "2800683"]
[BlackFideId "14112906"]
[EventDate "2014.09.22"]

1. e4 c5 2. Nf3 d6 3. d4 cxd4 4. Nxd4 Nf6 5. Nc3 a6 6. Be3 e5 7. Nb3 Be6 8. h3
Be7 9. g4 d5 10. exd5 Nxd5 11. Bg2 Nxe3 12. Qxd8+ Bxd8 13. fxe3 Bh4+ 14. Kf1 Nc6
15. Nc5 O-O 16. Bxc6 bxc6 17. Rd1 Bc8 18. e4 Rd8 19. Kg2 Kf8 20. Rxd8+ Bxd8 21.
Rd1 Ke7 22. N3a4 g6 23. g5 Ra7 24. Nd3 Rd7 25. Nac5 Rd6 26. Rf1 Ke8 27. h4 f6
28. gxf6 Bxf6 29. Kg3 Be7 30. Nb3 g5 31. h5 Rh6 32. Rh1 Rf6 33. Nd2 c5 34. Nf3
c4 35. Nf2 Bc5 36. Ng4 Rf4 37. Ngxe5 Rxe4 38. Rd1 Be6 39. Nc6 Rg4+ 40. Kh2 Kf8
41. Nce5 Re4 42. Nd7+ Bxd7 43. Rxd7 h6 44. Kg3 Ke8 45. Rd5 Bb6 46. c3 Bc7+ 47.
Kf2 Rf4 48. Kg2 Rg4+ 49. Kf1 Rg3 50. Nd4 Rh3 51. Ne6 Bb6 52. Rd6 Rf3+ 53. Kg2
Rf2+ 54. Kh3 Be3 55. Rxa6 Rxb2 56. Ng7+ Kd7 57. Nf5 Bf4 58. Ra4 Ke6 59. Nxh6
Rh2+ 60. Kg4 Rh4+ 61. Kf3 Rxh5 62. Ra6+ Kd5 63. Ra5+ Kc6 64. Nf5 Rh3+ 65. Ke4
Kb6 66. Ra8 Rxc3 67. Kd4 Rc1 68. Ne7 c3 69. Rc8 Kb7 70. Rxc3 Be5+ 71. Kxe5 Rxc3
72. Kf5 Rc5+ 73. Kg4 Kc7 74. Ng8 Kd6 75. Nf6 Ke6 76. Nh7 Rc4+ 77. Kxg5 Kf7 78.
Kf5 Rc5+ 79. Kf4 Rc4+ 80. Kf5 Rc5+ 81. Kf4 Ra5 82. Ng5+ Ke7 83. Ne4 1/2-1/2

[Event "Baku Open 2014"]
[Site "Baku AZE"]
[Date "2014.09.23"]
[Round "2.16"]
[White "Guliev, Logman"]
[Black "Efimenko, Zahar"]
[Result "0-1"]
[WhiteTitle "IM"]
[BlackTitle "GM"]
[WhiteElo "2377"]
[BlackElo "2641"]
[WhiteFideId "13400061"]
[BlackFideId "14107201"]
[EventDate "2014.09.22"]

1. e4 g6 2. d4 Bg7 3. Nc3 d6 4. f4 a6 5. a4 Nc6 6. Be3 Nf6 7. Be2 Nb4 8. Nf3 O-O
9. d5 Ng4 10. Bg1 c6 11. h3 Nf6 12. dxc6 bxc6 13. Be3 Bb7 14. O-O c5 15. Nd2 Qc7
16. Bf3 Rfd8 17. Na2 Nxa2 18. Rxa2 d5 19. e5 d4 20. Bxd4 Rxd4 21. Bxb7 Qxb7 22.
exf6 Bxf6 23. c3 Qd5 24. c4 Qf5 25. b3 Rad8 26. Qe1 Rxf4 27. Nf3 Re4 28. Qa5 Qc8
29. Rd2 Rxd2 30. Qxd2 Kg7 31. Qd5 0-1

[Event "Baku Open 2014"]
[Site "Baku AZE"]
[Date "2014.09.23"]
[Round "2.17"]
[White "Krasenkow, Michal"]
[Black "Omar, Noaman"]
[Result "1/2-1/2"]
[WhiteTitle "GM"]
[BlackTitle "IM"]
[WhiteElo "2636"]
[BlackElo "2355"]
[WhiteFideId "1113100"]
[BlackFideId "9300244"]
[EventDate "2014.09.22"]

1. Nf3 d5 2. d4 Bf5 3. c4 e6 4. Nc3 c6 5. Qb3 Qb6 6. c5 Qxb3 7. axb3 Nd7 8. b4
a6 9. b5 cxb5 10. Nxb5 Rc8 11. Nc3 Ne7 12. Bf4 Nc6 13. e3 Be7 14. Be2 h6 15. O-O
O-O 16. Rfc1 Rfd8 17. Bg3 Bf8 18. Ra4 e5 19. b4 exd4 20. Nxd4 Be6 21. Nxc6 Rxc6
22. Bf3 Rcc8 23. Ne2 Be7 24. Nd4 Bf6 25. Nxe6 fxe6 26. e4 Nb6 27. Ra5 dxe4 28.
Bg4 Rc6 29. Re1 Nc4 30. Ra2 Rd4 31. Rae2 a5 32. bxa5 e3 33. Bf3 Rxc5 34. fxe3
Rd2 35. Rc1 Be7 36. Be1 Rxe2 37. Bxe2 Nxe3 38. Rxc5 Bxc5 39. Bf2 Kf7 40. Bf3 b5
41. Bc6 b4 42. Ba4 Ke7 43. Bxe3 Bxe3+ 44. Kf1 Kd6 45. Ke2 Bg1 46. h4 Kc5 47. Kd3
Bf2 48. h5 Bg3 49. Bb3 Kb5 50. Bxe6 Kxa5 51. Bb3 Kb5 52. Kd4 Kc6 53. Ba4+ Kd6
54. Bb3 Ke7 55. Kc4 Be1 56. g4 Kf6 57. Ba4 Ke5 58. Bd7 1/2-1/2

[Event "Baku Open 2014"]
[Site "Baku AZE"]
[Date "2014.09.23"]
[Round "2.18"]
[White "Bayramov, Vugar"]
[Black "Shimanov, Aleksandr"]
[Result "0-1"]
[BlackTitle "GM"]
[WhiteElo "2254"]
[BlackElo "2624"]
[WhiteFideId "13400916"]
[BlackFideId "4198603"]
[EventDate "2014.09.22"]

1. d4 f5 2. Bf4 Nf6 3. e3 d6 4. Nd2 g6 5. Bc4 Bg7 6. Ngf3 e6 7. Qe2 Nc6 8. h3
Qe7 9. Bh2 O-O 10. O-O h6 11. c3 g5 12. Bb3 Nd7 13. Rad1 Kh8 14. e4 f4 15. Rfe1
e5 16. dxe5 dxe5 17. Kh1 Qf6 18. Bg1 h5 19. Nh2 Qg6 20. f3 Nf6 21. Bc5 Re8 22.
Bf2 Bf8 23. Nc4 g4 24. Bh4 g3 25. Nf1 Bc5 26. Rd2 a6 27. Red1 Bf2 28. Qd3 Nh7
29. Rxf2 gxf2 30. Bxf2 Rg8 31. g4 hxg4 32. fxg4 Bxg4 33. Nxe5 Nxe5 34. Bd4 Qh5
35. Rd2 Bf3+ 36. Kh2 Rg5 37. Rf2 Qxh3+ 0-1

[Event "Baku Open 2014"]
[Site "Baku AZE"]
[Date "2014.09.23"]
[Round "2.19"]
[White "Smirnov, Pavel"]
[Black "Asgarizadeh, Ahmad"]
[Result "1/2-1/2"]
[WhiteTitle "GM"]
[WhiteElo "2611"]
[BlackElo "2335"]
[WhiteFideId "4123425"]
[BlackFideId "12505684"]
[EventDate "2014.09.22"]

1. d4 d5 2. c4 dxc4 3. e3 e5 4. Bxc4 exd4 5. exd4 Nf6 6. Nf3 Bd6 7. Qe2+ Qe7 8.
Qxe7+ Bxe7 9. Nc3 O-O 10. O-O Bf5 11. Re1 Bd6 12. Bg5 Nbd7 13. Nh4 Bg6 14. f4
Rfe8 15. f5 Bh5 16. g3 Kf8 17. Kg2 Rxe1 18. Rxe1 Re8 19. Rxe8+ Nxe8 20. Bd8 Nb6
21. Bb3 Be7 22. Bxe7+ Kxe7 23. h3 f6 24. Bg8 h6 25. g4 Bf7 26. Ng6+ Bxg6 27.
fxg6 f5 28. Kf3 fxg4+ 29. hxg4 Kf6 30. Bh7 Nd6 31. Ne2 Nd5 32. Ng3 Kg5 33. Nh5
Ne8 34. Kg3 c6 35. Kf3 Ne7 36. Nf4 Nc7 1/2-1/2

[Event "Baku Open 2014"]
[Site "Baku AZE"]
[Date "2014.09.23"]
[Round "2.20"]
[White "Naghdiyev, Niyazi"]
[Black "Malakhatko, Vadim"]
[Result "1/2-1/2"]
[BlackTitle "GM"]
[WhiteElo "2024"]
[BlackElo "2542"]
[WhiteFideId "13405519"]
[BlackFideId "14104202"]
[EventDate "2014.09.22"]

1. d4 e6 2. c4 Bb4+ 3. Bd2 a5 4. a3 Bxd2+ 5. Qxd2 d6 6. Nc3 Nf6 7. e4 e5 8. Nf3
exd4 9. Nxd4 O-O 10. Be2 Nbd7 11. O-O Nc5 12. f3 a4 13. Rad1 Re8 14. Kh1 Bd7 15.
Rfe1 c6 16. Nc2 Re6 17. Qg5 h6 18. Qe3 Qc7 19. Nb4 Bc8 20. Nd3 Nxd3 21. Rxd3 Nd7
22. Red1 Nc5 23. R3d2 Nb3 24. Rd3 Nc5 25. R3d2 Bd7 26. Qf4 Rf6 27. Qg3 Rg6 28.
Qf4 Rf6 29. Qg3 Rg6 1/2-1/2

[Event "Baku Open 2014"]
[Site "Baku AZE"]
[Date "2014.09.23"]
[Round "2.21"]
[White "Mammadzada, Gunay"]
[Black "Aghayev, Nijat"]
[Result "1-0"]
[WhiteTitle "WFM"]
[BlackTitle "IM"]
[WhiteElo "2316"]
[BlackElo "2401"]
[WhiteFideId "13403729"]
[BlackFideId "13402048"]
[EventDate "2014.09.22"]

1. e4 e5 2. Nf3 Nf6 3. Nxe5 d6 4. Nf3 Nxe4 5. d4 d5 6. Bd3 Bd6 7. O-O O-O 8. c4
c6 9. Re1 Bg4 10. h3 Bh5 11. Bxe4 dxe4 12. Rxe4 Nd7 13. Nc3 f5 14. Re1 Kh8 15.
c5 Bc7 16. Bg5 Nf6 17. d5 h6 18. Bxf6 Rxf6 19. d6 Ba5 20. Qd3 Bb4 21. Qc4 Qa5
22. a3 Bxc3 23. b4 Bxe1 24. bxa5 Bxa5 25. Ne5 Re8 26. f4 Bd2 27. Qd4 Ba5 28. Rb1
b6 29. cxb6 c5 30. Qxc5 Bxb6 31. Rxb6 axb6 32. Qc7 Ra8 33. d7 Rff8 34. g4 fxg4
35. hxg4 Rxa3 36. d8=Q 1-0

[Event "Baku Open 2014"]
[Site "Baku AZE"]
[Date "2014.09.23"]
[Round "2.23"]
[White "Kovalenko, Igor"]
[Black "Lorparizangeneh, Shahin"]
[Result "1/2-1/2"]
[WhiteTitle "GM"]
[BlackTitle "FM"]
[WhiteElo "2650"]
[BlackElo "2277"]
[WhiteFideId "14117908"]
[BlackFideId "12521604"]
[EventDate "2014.09.22"]

1. c4 g6 2. g3 Bg7 3. Bg2 c5 4. Nc3 Nc6 5. a3 d6 6. Rb1 e6 7. b4 Nge7 8. Nh3 O-O
9. Nf4 Rb8 10. O-O b6 11. Qa4 Qd7 12. Bb2 Rd8 13. d3 Bb7 14. b5 Na5 15. e4 a6
16. bxa6 Bxa6 17. Qc2 Nac6 18. Nfe2 Nd4 19. Nxd4 cxd4 20. Na2 d5 21. Nb4 Bb7 22.
cxd5 exd5 23. Rbd1 Rbc8 24. Qe2 Qe6 25. Rfe1 dxe4 26. dxe4 Qc4 27. Qxc4 Rxc4 28.
f4 Nc6 29. e5 Nxb4 30. Bxb7 Nc2 31. Re2 Bf8 32. Rd3 Rd7 33. Ba6 Rc5 34. e6 Ra7
35. exf7+ Kxf7 36. Bb5 Rxb5 37. Rxc2 Bc5 38. Kg2 Rba5 39. Rc4 Bxa3 40. Bxd4 b5
41. Rc8 Rb7 42. Rh8 Ke6 43. Rd8 Ke7 44. Be5 Ra6 45. g4 Ke6 46. Kf3 Be7 47. Rh8
Bd6 48. Bb2 Rf7 49. Re8+ Kd7 50. Re4 Kc6 51. Bc1 b4 52. Re6 Kd7 53. Re2 Kc7 54.
Rc2+ Rc6 55. Ra2 Bc5 56. Rb3 Kb6 57. Bd2 Kb5 58. Rab2 Kc4 59. Rxb4+ Bxb4 60.
Rxb4+ Kd3 61. Be3 Re6 62. Bf2 Kc3 63. Ra4 Rc6 64. Ra5 Rcf6 65. Bg3 Kc4 66. Re5
Kd4 67. Ra5 Kc4 68. Re5 Kd4 69. Re4+ Kd5 70. Ra4 Rc6 71. Kg2 Rc4 72. Ra5+ Rc5
73. Ra3 Ke6 74. Ra6+ Kd5 75. Kh3 Ke4 76. Kh4 Kf3 77. Ra2 Rb5 78. Rf2+ Ke3 79. g5
Rbf5 80. Kg4 h5+ 81. gxh6 Rh7 82. Ra2 Rxh6 83. Ra6 Ke4 84. Rd6 Rb5 85. Bf2 Rd5
86. Re6+ Kd3 87. h4 Rdh5 88. Kf3 Rd5 89. Rc6 Rdh5 90. Rd6+ Kc4 1/2-1/2

[Event "Baku Open 2014"]
[Site "Baku AZE"]
[Date "2014.09.23"]
[Round "2.24"]
[White "Volokitin, Andrei"]
[Black "Asgarov, Mushfig"]
[Result "1-0"]
[WhiteTitle "GM"]
[WhiteElo "2642"]
[BlackElo "2260"]
[WhiteFideId "14107090"]
[BlackFideId "13401734"]
[EventDate "2014.09.22"]

1. e4 c5 2. Nf3 d6 3. d4 cxd4 4. Nxd4 Nf6 5. Nc3 a6 6. Be3 e5 7. Nb3 Be6 8. h3
Be7 9. f4 exf4 10. Bxf4 Nc6 11. Qe2 Nd7 12. O-O-O Nde5 13. Kb1 O-O 14. g4 Rc8
15. Qg2 Nc4 16. Bxc4 Bxc4 17. e5 Bxb3 18. cxb3 Qa5 19. exd6 Bf6 20. d7 Rcd8 21.
Bd6 Rxd7 22. Bxf8 Rxd1+ 23. Rxd1 Kxf8 24. Qd5 Qb6 25. Qf5 Ne7 26. Qc5 1-0

[Event "Baku Open 2014"]
[Site "Baku AZE"]
[Date "2014.09.23"]
[Round "2.25"]
[White "Onischuk, Vladimir"]
[Black "Kazimova, Narmin"]
[Result "1-0"]
[WhiteTitle "GM"]
[BlackTitle "WIM"]
[WhiteElo "2593"]
[BlackElo "2233"]
[WhiteFideId "14114038"]
[BlackFideId "13402951"]
[EventDate "2014.09.22"]

1. Nf3 d5 2. g3 c6 3. Bg2 Bg4 4. b3 Nd7 5. Bb2 Ngf6 6. O-O e6 7. d3 Bd6 8. Nbd2
O-O 9. h3 Bh5 10. e4 e5 11. Qe1 Re8 12. Nh4 Nc5 13. Kh1 Bc7 14. a3 Qd7 15. Rb1
a5 16. b4 axb4 17. axb4 Na4 18. Ba1 Rad8 19. Nb3 b6 20. Qe3 Bd6 21. Nd2 Bb8 22.
Ndf3 b5 23. Nf5 Bg6 24. N3h4 dxe4 25. dxe4 Qd2 26. Qf3 Qxc2 27. Rbc1 Qd3 28.
Ne7+ Kf8 29. Nhxg6+ hxg6 30. Nxc6 Qxf3 31. Bxf3 Rc8 32. Be2 Nxe4 33. Bxb5 Nb6
34. Nxb8 Rxc1 35. Rxc1 Rxb8 36. Bxe5 Rd8 37. Bc7 Rc8 38. Ba6 Ra8 39. Bb7 Nxf2+
40. Kg1 Nxh3+ 41. Kg2 1-0

[Event "Baku Open 2014"]
[Site "Baku AZE"]
[Date "2014.09.23"]
[Round "2.26"]
[White "Aliyev, Rasim"]
[Black "Ghaem Maghami, Ehsan"]
[Result "1-0"]
[BlackTitle "GM"]
[WhiteElo "2230"]
[BlackElo "2591"]
[WhiteFideId "13401084"]
[BlackFideId "12500739"]
[EventDate "2014.09.22"]

1. e4 c5 2. c3 Nf6 3. e5 Nd5 4. d4 cxd4 5. Nf3 e6 6. cxd4 d6 7. Bc4 Nb6 8. Bb3
dxe5 9. Nxe5 Nc6 10. Qf3 Bb4+ 11. Nc3 O-O 12. Nxc6 bxc6 13. O-O Qxd4 14. Rd1 Qf6
15. Qxf6 gxf6 16. Bh6 Re8 17. Ne4 Be7 18. Rac1 Ba6 19. Rc3 Kh8 20. Nd6 Bxd6 21.
Rxd6 Rg8 22. Bc2 Rac8 23. Rf3 f5 24. Bf4 Kg7 25. Ra3 Bb5 26. Rxa7 Ra8 27. Rb7
Nd5 28. Be5+ Kg6 29. g4 Rxa2 30. Bxf5+ Kg5 31. Rxe6 h5 32. h4+ Kxh4 33. Rh6
Rxg4+ 34. Bxg4 Kxg4 35. Rxf7 Kg5 36. Rhh7 Bd3 37. Rhg7+ Bg6 38. f4+ 1-0

[Event "Baku Open 2014"]
[Site "Baku AZE"]
[Date "2014.09.23"]
[Round "2.27"]
[White "Baron, Tal"]
[Black "Shahaliyev, Ismayil"]
[Result "1-0"]
[WhiteTitle "GM"]
[WhiteElo "2513"]
[BlackElo "2206"]
[WhiteFideId "2809958"]
[BlackFideId "13406388"]
[EventDate "2014.09.22"]

1. d4 e6 2. Nf3 Nf6 3. c4 c5 4. d5 exd5 5. cxd5 d6 6. Nc3 g6 7. Bf4 a6 8. a4 Bg7
9. h3 O-O 10. e3 Re8 11. Nd2 Nbd7 12. Be2 Ne5 13. Bh2 h5 14. O-O Nh7 15. f4 Nd7
16. e4 Bd4+ 17. Kh1 Ndf6 18. Bf3 Rb8 19. Ne2 b5 20. Nxd4 cxd4 21. axb5 Rxb5 22.
b3 Nf8 23. Ra4 d3 24. Rd4 N8d7 25. Re1 Bb7 26. Rxd3 Qb6 27. Nc4 Qc5 28. Bg1 Qb4
29. Re2 Nc5 30. Nxd6 Nxd3 31. Nxe8 Nxe8 32. Qxd3 Qxb3 33. Rd2 Qxd3 34. Rxd3 1-0

[Event "Baku Open 2014"]
[Site "Baku AZE"]
[Date "2014.09.23"]
[Round "2.28"]
[White "Manik, Mikulas"]
[Black "Andrenko, Irina"]
[Result "1-0"]
[WhiteTitle "GM"]
[BlackTitle "WIM"]
[WhiteElo "2385"]
[BlackElo "2199"]
[WhiteFideId "14900734"]
[BlackFideId "14118270"]
[EventDate "2014.09.22"]

1. e4 c5 2. Nf3 e6 3. d4 cxd4 4. Nxd4 Nc6 5. Nc3 Qc7 6. Be3 a6 7. Qd2 Nf6 8.
O-O-O Bb4 9. f3 Ne7 10. Nde2 b5 11. Kb1 Ba5 12. Qd4 Nc6 13. Qd6 Qxd6 14. Rxd6
Bc7 15. Rd2 Ne5 16. Nc1 d6 17. Bg5 b4 18. Nd1 Nfd7 19. Ne3 f6 20. Bh4 Ke7 21.
Be2 Bb7 22. Rhd1 h5 23. Nd3 Nxd3 24. Bxd3 Nc5 25. Bf1 Rad8 26. Bf2 Na4 27. Bc4
Nb6 28. Bb3 a5 29. Nc4 Nxc4 30. Bxc4 h4 31. Be3 Rh5 32. h3 Bc6 33. Bf4 Rc5 34.
b3 Rh5 35. Rd3 f5 36. exf5 Rxf5 37. Bh2 g5 38. c3 Bb8 39. cxb4 axb4 40. Re3 d5
41. Bd3 Rff8 42. Bxb8 Rxb8 43. Rde1 Bd7 44. Kb2 Rf4 45. a4 bxa3+ 46. Kxa3 Kf6
47. Kb2 Rfb4 48. Bc2 d4 49. Re4 R8b6 50. f4 gxf4 51. Rxf4+ Kg5 52. Rf7 d3 53.
Bxd3 Rxb3+ 54. Kc2 Rb2+ 55. Kc1 R2b5 56. Bxb5 Bxb5 57. Re4 Kg6 58. Rf2 Bd3 59.
Rxh4 e5 60. Rg4+ Kh6 61. Rf8 Bg6 62. Rg8 Rb1+ 63. Kd2 Rb2+ 64. Ke3 Rb3+ 65. Kf2
Rb2+ 66. Kg3 Rb3+ 67. Kh2 Rb6 68. R8xg6+ Rxg6 69. Rxg6+ Kxg6 70. Kg3 Kf5 71. Kf3
e4+ 72. Ke3 Ke5 73. g4 Kd5 74. h4 Ke5 75. h5 Kf6 76. Kxe4 Kg5 77. Kf3 Kf6 78.
Kf4 Kg7 79. g5 Kf7 80. Kf5 Kg7 81. h6+ Kh7 82. Kf6 Kh8 83. g6 Kg8 84. g7 Kh7 85.
Kf7 1-0

[Event "Baku Open 2014"]
[Site "Baku AZE"]
[Date "2014.09.23"]
[Round "2.29"]
[White "Golubov, Saveliy"]
[Black "Gadimbayli, Abdulla"]
[Result "1-0"]
[BlackTitle "FM"]
[WhiteElo "2347"]
[BlackElo "2162"]
[WhiteFideId "24176729"]
[BlackFideId "13404938"]
[EventDate "2014.09.22"]

1. e4 e6 2. d4 d5 3. Nc3 Nf6 4. Bg5 Be7 5. e5 Nfd7 6. h4 c5 7. Bxe7 Kxe7 8. Nf3
cxd4 9. Qxd4 Nc6 10. Qf4 Qc7 11. O-O-O Ndxe5 12. Qg3 Kf8 13. h5 f6 14. Bb5 Qb8
15. Rhe1 a6 16. Bf1 Nf7 17. Qh4 b5 18. Nd4 Nxd4 19. Qxd4 Qd6 20. f4 Bb7 21. g3
b4 22. Na4 Rc8 23. Bh3 f5 24. b3 Rc6 25. Rd2 Bc8 26. Rde2 Nh6 27. Rg1 Ng8 28. g4
Rc7 29. gxf5 exf5 30. Re5 Nf6 31. Bxf5 Bxf5 32. Rxf5 h6 33. Nb6 Qe6 34. Re5 Qc6
35. Rg2 Kf7 36. Rge2 Rd8 37. Na4 Rdc8 38. Qxb4 Kg8 39. Qd4 Qb5 40. Nb6 Rd8 41.
Rd2 Kh8 42. Nc4 Rcd7 43. Ne3 Qa5 44. Kb2 Ne4 45. Rg2 Nd6 46. a4 Ne8 47. Nf5 Kh7
48. Rxe8 1-0

[Event "Baku Open 2014"]
[Site "Baku AZE"]
[Date "2014.09.23"]
[Round "2.30"]
[White "Atakisi, Umut"]
[Black "Mammadova, Narmin"]
[Result "0-1"]
[WhiteTitle "IM"]
[WhiteElo "2343"]
[BlackElo "2124"]
[WhiteFideId "6301037"]
[BlackFideId "13403710"]
[EventDate "2014.09.22"]

1. e4 c6 2. d4 d5 3. Nc3 dxe4 4. Nxe4 Nd7 5. Nf3 Ngf6 6. Nxf6+ Nxf6 7. c3 Bg4 8.
h3 Bh5 9. g4 Bg6 10. Ne5 e6 11. Bg2 Bd6 12. Qe2 Bxe5 13. Qxe5 h6 14. g5 hxg5 15.
Bxg5 Qe7 16. h4 Bh5 17. Kf1 Rd8 18. Re1 Rd7 19. Rh3 Rh7 20. Be4 Rh8 21. Rg3 Rd8
22. b4 Qd6 23. Bxf6 gxf6 24. Qxf6 Kd7 25. b5 cxb5 26. Bxb7 Kc7 27. Bf3 Bxf3 28.
Qxf7+ Rd7 29. Qxf3 Rxh4 30. Re5 Kb6 31. Rg6 Re7 32. Qg3 Rh1+ 33. Kg2 Qc6+ 34. d5
Qc4 35. Qe3+ Ka5 36. Qe2 Qh4 37. Qg4 Rh2+ 38. Kf3 Qxf2+ 39. Ke4 Rh4 0-1

[Event "Baku Open 2014"]
[Site "Baku AZE"]
[Date "2014.09.23"]
[Round "2.31"]
[White "Kowsarinia, Amir"]
[Black "Shabanov, Nurlan"]
[Result "1-0"]
[WhiteTitle "FM"]
[WhiteElo "2331"]
[BlackElo "2106"]
[WhiteFideId "12500089"]
[BlackFideId "13400100"]
[EventDate "2014.09.22"]

1. d4 Nf6 2. c4 g6 3. Nc3 Bg7 4. e4 O-O 5. Nf3 d6 6. Be2 Bg4 7. Be3 Nfd7 8. Qd2
c5 9. d5 Na6 10. h3 Bxf3 11. Bxf3 Nc7 12. h4 e6 13. h5 exd5 14. exd5 f5 15. Be2
Qf6 16. Bg5 Qe5 17. hxg6 hxg6 18. Qd3 Kf7 19. Rh3 Rae8 20. O-O-O Rh8 21. Rg3 Qd4
22. Qf3 Ne5 23. Qe3 Qxe3+ 24. fxe3 Bh6 25. Rf1 Nd7 26. Bxh6 Rxh6 27. e4 Re5 28.
Bd3 f4 29. Rxf4+ Kg7 30. Nd1 Nf6 31. Rgf3 Nce8 32. Nf2 Rg5 33. Bf1 Rhh5 34. Ra3
Re5 35. Rxa7 Re7 36. Kd2 g5 37. Rf3 g4 38. Rb3 Kf8 39. Rbxb7 Rxb7 40. Rxb7 g3
41. Nh3 Nxe4+ 42. Ke3 N8f6 43. Nf4 Rh1 44. Be2 Rc1 45. Kf3 Nd2+ 46. Kxg3 Nxc4
47. Bxc4 Rxc4 48. b3 Rc2 49. a4 Rc3+ 50. Kh4 c4 51. b4 Rd3 52. a5 c3 53. Rc7 Rd4
54. Kg5 Ne4+ 55. Kf5 Rxb4 56. a6 Ng3+ 57. Kg5 Ra4 58. a7 c2 59. Nd3 Ne4+ 60. Kg6
Nc5 61. Nc1 Rg4+ 62. Kf5 1-0